| 000 | 00901nam a2200193 i 4500 | ||
|---|---|---|---|
| 001 | 186352 | ||
| 003 | SpMaBN | ||
| 005 | 20231224062935.0 | ||
| 008 | 161027s1949 sp |||| | spa d | ||
| 080 | _a821.134.2-82"19" | ||
| 100 | 1 |
_aBaroja, Pío, _d1872-1956 _925752 |
|
| 245 | 1 | 0 |
_aObras completas. _nVII / _cPío Baroja. |
| 260 |
_aMadrid : _bBiblioteca Nueva, _c1949 ( _fBolaños y Aguilar) |
||
| 300 |
_a1 v. (1364 p.) ; _c22 cm. |
||
| 505 | 8 |
_aContiene: v. 7 ; _tSusana y los cazadores de moscas ; _tLos impostores joviales y el tesoro del holandés. Yan-Si-Pao, o la svástica de oro. Los buscadores de tesoros ; _tLaura, o La soledad sin remedio ; _tEl caballero de Erláiz - Memorias: ; _tDesde la última vuelta del camino |
|
| 597 | _aTexto a 2 columnas. | ||
| 852 |
_aES-MaACL _jL-30713 _z- Enc. piel edit. _z. - Donat. Miguel A. Velasco _xOlim: D-5303 |
||
| 999 |
_c186352 _d186352 |
||